Search Results
Showing Item 22 of 27
Available copies
- 3 of 3 copies available at Headquarters.
Current holds
0 current holds with 3 total copies.
View other formats and editions
| Location | Call Number / Copy Notes | Barcode | Shelving Location | Status | Due Date |
|---|---|---|---|---|---|
| Accra Central Library | 201 jFIC/DAH | 000001422535 | Childrens' Fiction - CHN | Available | - |
| Accra Central Library | 201 jFIC/DAH | 000001422542 | Childrens' Fiction - CHN | Available | - |
| Accra Central Library | 201 jFIC/DAH | 000001422559 | Childrens' Fiction - CHN | Available | - |
Record details
- ISBN: 9780141361550
- Physical Description: Hardcover
- Publisher: London: Puffin Books, 2016.
Search for related items by subject
| Subject: | Foxes--Juvenile fiction |
| LDR | 00620cam a2200205Ka 4500 | ||
|---|---|---|---|
| 001 | 80852 | ||
| 003 | HQ | ||
| 005 | 20210601140224.0 | ||
| 008 | 070101s xxkc jr 1 eng d | ||
| 020 | . | ‡a9780141361550 | |
| 037 | . | ‡aBook Aid | |
| 082 | . | ‡ajFIC/DAH | |
| 100 | . | ‡aRoald Dahl | |
| 245 | . | ‡aFantastic Mr Fox | |
| 260 | . | ‡aLondon: ‡bPuffin Books, ‡c2016. | |
| 300 | . | ‡aHardcover | |
| 650 | . | ‡aFoxes--Juvenile fiction | |
| 901 | . | ‡a80852 ‡bAUTOGEN ‡c80852 ‡tbiblio | |
Search Results
Showing Item 22 of 27

Add to basket
Permalink
Disable Highlighting